000 01156cam a2200349 i 4500
001 21702259
005 20250416153535.0
008 200904s2021 enk b 001 0 eng
010 _a 2020945543
020 _a9780198864677
_q(paperback)
020 _z9780192633620
020 _z9780192633637
_q(epub)
020 _z9780191896750
040 _aDLC
_beng
_erda
_cDLC
042 _apcc
050 0 0 _aK230.W29
_bA38 2021
082 _a340
_bWAC
100 1 _aWacks, Raymond,
_eauthor.
_9128710
245 1 0 _aUnderstanding jurisprudence :
_ban introduction to legal theory /
_cRaymond Wacks.
250 _aSixth edition.
264 1 _aOxford, United Kingdom ;
_aNew York, NY :
_bOxford University Press,
_c[2021]
300 _axx, 404 pages ;
_c25 cm
336 _atext
_btxt
_2rdacontent
337 _aunmediated
_bn
_2rdamedia
338 _avolume
_bnc
_2rdacarrier
504 _aIncludes bibliographical references and index.
650 0 _aJurisprudence.
650 0 _aLaw
_xPhilosophy.
_935308
906 _a7
_bcbc
_corignew
_d2
_eepcn
_f20
_gy-gencatlg
942 _2ddc
_cBK
999 _c613602
_d613602